00234nam a22000857a 4500008004100000082001600041100000800057245007500065300000800140230626b xxu||||| |||| 00| 0 eng d a328.71bHOC bHOC aHouse of Commons-CanadabUser's Guide to House of Commons Publications a54p